| 000 | 00826nam a2200253Ia 4500 | ||
|---|---|---|---|
| 003 | OSt | ||
| 005 | 20220923211236.0 | ||
| 006 | a|||||r|||| 00| 0 | ||
| 007 | ta | ||
| 008 | Pun | ||
| 020 |
_a9788171831958 (hbk) _c250 |
||
| 024 | _a281,266 | ||
| 037 |
_b868, 14/08/2014, H.K. Prakashan _cTextual |
||
| 040 |
_aARTS _cARTS _bPun |
||
| 041 |
_2Pun _aPun |
||
| 082 | _aO153,2:g, Q4 | ||
| 100 | _aਹਰਵਿੰਦਰਜੀਤ | ||
| 245 | 0 | _aਪੰਜਾਬੀ ਨਾਟਕ ਵਿਚ ਰਾFਟਰੀ ਚੇਤਨਾ | |
| 260 |
_aਦਿੱਲੀ _b ਬਿFਨ ਚੰਦ ਐ੍ਵਡ ਸੰਸ _c2014 |
||
| 300 |
_a168ਪੰ _ccm. |
||
| 650 | _aਪੰਜਾਬੀ ਸਾਹਿਤ | ||
| 942 |
_hO153,2:g, Q4 _cTEXL _2CC |
||
| 999 |
_c297521 _d297521 |
||